000
00212 a2200097 4500
020
_a
9789706556943
041
_a
eng
100
_a
Wayne Olsen
245
_a
Guia de la Clinica Mayo sobre La Audedicion
942
_c
BK
999
_c
14440
_d
14440